ბათუმის შოთა რუსთაველის სახელმწიფო უნივერსიტეტის ბიბლიოთეკა

О начале человеческой истории : (ბიბ.ჩანაწერი № 61426)

000 -LEADER
fixed length control field 00695nam a22001697a 4500
005 - DATE AND TIME OF LATEST TRANSACTION
control field 20240312152139.0
008 - FIXED-LENGTH DATA ELEMENTS--GENERAL INFORMATION
fixed length control field 240312s1974 ru ||||| |||| 00| 0 rus d
041 ## - LANGUAGE CODE
Language code of text/sound track or separate title rus
080 ## - UNIVERSAL DECIMAL CLASSIFICATION NUMBER
Universal Decimal Classification number 159.922.41 П-60
100 ## - MAIN ENTRY--PERSONAL NAME
Personal name Поршнев, Б.Ф.
9 (RLIN) 21394
245 ## - TITLE STATEMENT
Title О начале человеческой истории :
Remainder of title проблемы палеопсихологии /
Statement of responsibility, etc. Б.Ф.Поршнев.
264 ## - PRODUCTION, PUBLICATION, DISTRIBUTION, MANUFACTURE, AND COPYRIGHT NOTICE
Place of production, publication, distribution, manufacture Москва:
Name of producer, publisher, distributor, manufacturer "Мысль".
Date of production, publication, distribution, manufacture, or copyright notice 1974.
300 ## - PHYSICAL DESCRIPTION
Extent 487 с.
Other physical details 21 см.
653 ## - INDEX TERM--UNCONTROLLED
keyword კაცობრიობის ისტორიის დასაწყისი
653 ## - INDEX TERM--UNCONTROLLED
keyword პალეოფსიქოლოგიის პრობლემები
942 ## - ADDED ENTRY ELEMENTS (KOHA)
Source of classification or shelving scheme
Koha item type წიგნი
ეგზემპლარები
Withdrawn status Lost status Source of classification or shelving scheme Damaged status Not for loan Permanent Location Current Location Shelving location Date acquired Cost, normal purchase price Full call number Barcode Date last seen Copy number Uniform Resource Identifier Price effective from Koha item type Public note
          ბათუმის შოთა რუსთაველის სახელმწიფო უნივერსიტეტის მთავარი ბიბლიოთეკა ბათუმის შოთა რუსთაველის სახელმწიფო უნივერსიტეტის მთავარი ბიბლიოთეკა წიგნსაცავი 2024-03-12 10.00 159.922.41 П-60 65777 2024-03-12 65777 ბსუ-ს საპატიო დოქტორის გურამ ლორთქიფანიძის საჩუქარი 2024-03-12 წიგნი 10 ლ.